| 000 | 00740nam a22002297a 4500 | ||
|---|---|---|---|
| 999 |
_c115 _d115 |
||
| 003 | AR-CdUCM | ||
| 008 | 190221b ||||| |||| 00| 0 SPA d | ||
| 040 |
_aMUNICIPALIDAD PROVINCIAL DEL CUSCO _cBIBLIOTECA MUNICIPAL DEL CUSCO |
||
| 041 | _heng | ||
| 082 |
_a082 / _bD999 |
||
| 100 |
_aD°amico, Silvio _9558 |
||
| 245 | _aHistoria del Teatro Dramatico : | ||
| 260 |
_aMexico : _bHispano Americano, _c1961. |
||
| 300 |
_a178 paginas _c17 cm |
||
| 505 | _acontenido : Nacimiento de la tragedia -- Antigona -- Caracteres eticos y esteticos de Sofocles -- La tragedia romana ... | ||
| 650 |
_aTragedia _9559 |
||
| 650 |
_aDrama _9560 |
||
| 650 |
_aArte _9561 |
||
| 650 |
_aActores _9562 |
||
| 942 |
_2ddc _cLIBROS |
||
| 945 |
_awnst _d2019-02-21 |
||